Teoría y problemas de investigación de operaciones /

Guardado en:
Detalles Bibliográficos
Autor principal: Bronson, Richard (autor)
Otros autores: Fournier García, María de Lourdes (traducción) (traducción)
Formato: Libro
Idioma:Español
Publicado: México : McGraw-Hill, 1983, c1983
Colección:(Compendios Schaum) [s.n.]
Temas:
Etiquetas: Agrega una etiqueta
Sin etiquetas, Sé el primero en etiquetar este registro!

MARC

LEADER 00000nam^a2200000^a^4500
001 000318939
005 20250620000000.0
009 20260310113428.614
020 |a 968-451-385-2 
025 |a Donación sin dato, 1 ejemplar 
037 |a Acervo ITESO - Biblioteca 
041 |a ESP 
082 |a 658. 4034  |b BRO 
100 |a Bronson, Richard  |e (autor) 
240 1 1 |a [Investigación de operaciones] 
245 1 0 |a Teoría y problemas de investigación de operaciones /  |c R. Bronson ; tr. por M.L. Fournier García. 
264 4 |a México :  |b McGraw-Hill,  |c 1983, c1983 
300 |a 324 p. 
336 |a texto  |b txt  |2 rdacontenido 
337 |a sin mediación  |b n  |2 rdamedio 
338 |a volumen  |b nc  |2 rdasoporte 
440 1 |a (Compendios Schaum) [s.n.] 
500 |a Traducción de: Operations Researchs 
649 |a XX 
650 |a Investigación de Operaciones -  |x Tema Principal 
650 |a Algoritmos 
650 |a Programación Lineal 
650 |a Programación No Lineal 
650 |a Programación (Matemáticas) 
650 |a Probabilidad 
650 |a Ciencias Administrativas 
700 |a Fournier García, María de Lourdes  |e (traducción) 
910 |a Fondo General 
920 |a Impresos - Libros 
930 |a Colección General 
905 |a 101 
901 |a 0500205887  |b IT1  |c ACC  |d DT  |i D  |u 20250620 
902 |a https://opac.biblio.iteso.mx/vufind/Record/000318939